Responsibilities of auxiliary nurse-midwives for materials & child health and family planning programmes in Rural health centres (Record no. 414993)

000 -LEADER
fixed length control field 00577cam a22001577a 4500
008 - FIXED-LENGTH DATA ELEMENTS--GENERAL INFORMATION
fixed length control field 180718b1970 xxu||||| |||| 00| 0 eng d
082 ## - DEWEY DECIMAL CLASSIFICATION NUMBER
Classification number O215x54 Al51 2
100 ## - MAIN ENTRY--PERSONAL NAME
Personal name Sethna, N.J.
245 ## - TITLE STATEMENT
Title Responsibilities of auxiliary nurse-midwives for materials & child health and family planning programmes in Rural health centres
Statement of responsibility, etc. by N.J. Sethna, H. Saha and S. Zachariach
260 ## - PUBLICATION, DISTRIBUTION, ETC.
Place of publication, distribution, etc. Calcutta
Name of publisher, distributor, etc. All India Institute Of Hygiene & Public health
Date of publication, distribution, etc. 1970
300 ## - PHYSICAL DESCRIPTION
Extent ii, 52p
440 ## - SERIES STATEMENT/ADDED ENTRY--TITLE
Title MCH series; 2
650 ## - SUBJECT ADDED ENTRY--TOPICAL TERM
Topical term or geographic name entry element Nurses - India.
700 ## - ADDED ENTRY--PERSONAL NAME
Personal name Zachariach, S.
700 ## - ADDED ENTRY--PERSONAL NAME
Personal name Saha,H.
Holdings
Withdrawn status Lost status Damaged status Not for loan Permanent Location Current Location Date acquired Full call number Barcode Date last seen Price effective from Koha item type
        Indian Institute of Public Administration Indian Institute of Public Administration 2009-02-27 O215x54 Al51 2 D1168 2018-07-21 2018-07-21 D

Powered by Koha